00678nam a2200181 i 450000100060000000300090000600500170001500700030003200800410003510000270007624501210010326000400022430000260026470000350029085200320032599900170035795201220037484487ES-MaACL20230906175025.0t|041123s1968 sp ||||1| spa d1 aJoblin, Joseph.96669013aLa Iglesia y las nuevas perspectivas de la cuestión social / cJoseph Joblin ; [traducción por Juan A. Segarra]. aMadrid : bRazón y Fé, c[1968] aXI, 221 p. ; c22 cm.1 aSegarra, Juan Antonio.9105122 aES-MaACLjC-36033 bR.68974 c84487d84487 00104070aATENEOMbATENEOMcDEPO2d2008-01-17eSCl0oC-36033p1088291r2023-02-23 00:00:00w2023-02-23yMONOGRAFIA